Man chang de dong ji = (Record no. 171587)

MARC details
000 -LEADER
fixed length control field 01531nam a22003737i 4500
005 - DATE AND TIME OF LATEST TRANSACTION
control field 20190321100818.0
008 - FIXED-LENGTH DATA ELEMENTS--GENERAL INFORMATION
fixed length control field 190311s2017 cc a c 000 fdchi d
020 ## - INTERNATIONAL STANDARD BOOK NUMBER
International Standard Book Number 9787564538170
Qualifying information paperback
Terms of availability RM38.50
040 ## - CATALOGING SOURCE
Original cataloging agency PPAK
Language of cataloging eng
Transcribing agency PPAK
Description conventions rda
041 1# - LANGUAGE CODE
Language code of text/sound track or separate title chi
Language code of original eng
082 04 - DEWEY DECIMAL CLASSIFICATION NUMBER
Classification number 813.52
Edition number 23
090 00 - LOCALLY ASSIGNED LC-TYPE CALL NUMBER (OCLC); LOCAL CALL NUMBER (RLIN)
Classification number (OCLC) (R) ; Classification number, CALL (RLIN) (NR) 813.52
Feature heading WIL
Feature heading K
100 1# - MAIN ENTRY--PERSONAL NAME
Linkage 880-01
Personal name Wilder, Laura Ingalls,
Dates associated with a name 1867-1957
Relator term author.
240 10 - UNIFORM TITLE
Uniform title The long winter.
Language of a work Chinese
245 10 - TITLE STATEMENT
Linkage 880-02
Title Man chang de dong ji =
Remainder of title THE LONG WINTER /
Statement of responsibility, etc. (mei) Luola. Ying ge si. Huai dezhe; Han Jianhua, Han Jing yizhu
264 #1 - PRODUCTION, PUBLICATION, DISTRIBUTION, MANUFACTURE, AND COPYRIGHT NOTICE
Linkage 880-03
Place of production, publication, distribution, manufacture Zhengzhou :
Name of producer, publisher, distributor, manufacturer Zhengzhou daxue chuban she,
Date of production, publication, distribution, manufacture, or copyright notice 2017
300 ## - PHYSICAL DESCRIPTION
Extent 290 pages :
Other physical details illustrations ;
Dimensions 22 cm
336 ## - CONTENT TYPE
Source rdacontent
Content type term text
337 ## - MEDIA TYPE
Source rdamedia
Media type term unmediated
338 ## - CARRIER TYPE
Source rdacarrier
Carrier type term volume
490 1# - SERIES STATEMENT
Linkage 880-04
Series statement Xiao muwu de gushi congshu
650 10 - SUBJECT ADDED ENTRY--TOPICAL TERM
Topical term or geographic name entry element American fiction
General subdivision Translations into Chinese
700 1# - ADDED ENTRY--PERSONAL NAME
Linkage 880-05
Personal name Hang, Jianhua
Relator term translator.
Linkage 880-06
Personal name Hang, Jin,
Relator term translator.
830 #0 - SERIES ADDED ENTRY--UNIFORM TITLE
Linkage 880-07
Uniform title Xiao muwu de gushi congshu
880 1# - ALTERNATE GRAPHIC REPRESENTATION
Linkage 100-01/$1
a 怀德, 罗拉 .英格斯,
b 1867-1957
e author.
Linkage 245-02/$1
a 漫长的冬季 =
b THE LONG WINTER /
c (美)罗拉.英格斯.怀德著;韩剑华,韩静译著
Linkage 264-03/$1
a 郑州 :
b 郑州大学出版社,
c 2017
Linkage 490-04/$1
a 小木屋的故事丛书
Linkage 700-05/$1
a 韩剑华,
e translator.
Linkage 700-06/$1
a 韩静,
e translator.
Linkage 830-07/$1
a 小木屋的故事丛书
942 ## - ADDED ENTRY ELEMENTS (KOHA)
Source of classification or shelving scheme Dewey Decimal Classification
Koha item type Book
Holdings
Withdrawn Not for loan Current library Shelving location Date acquired Total Checkouts Full call number Barcode Date last seen Date last checked out Koha item type
    Perpustakaan Alor Setar Pinjaman Kanak-kanak 28/03/2019 2 K 813.52 WIL A01596125 27/04/2023 08/04/2023 Book
    Perpustakaan Awam Sungai Petani Pinjaman Kanak-kanak 28/03/2019   K 813.52 WIL A01596126 28/03/2019   Book